000 00516nam a2200193Ia 4500
005 20250923144258.0
008 008 250917s9999 xx 000 0 eng d
037 _aTextual
040 _aDSWL
_beng
_cDSWL
041 _aeng
_2eng
084 _aS:5, H5
_qDSWL
100 _aEnglish
_9823166
245 0 _aEmotional problems of living
_cby English
260 _aNew York
_b W. Norton
_c1945
300 _a438 p.
700 _a Pearson
_9823167
942 _cTEXL
_hS:5, H5
999 _c1436939
_d1436939